01094 a2200169 45000010006000000050017000060080041000230030015000640400040000790800031001192450043001502640045001933000019002385050550002571000022008078560095008294768220260407155743.0260407a1973 arg spa dAR-UNSa-BCEJYS aAR-UNSa-BCEJYSbspacAR-UNSa-BCEJYS a330xEconomía en general10aEconomía política en el socialismo 1aBuenos Aires :bAmorrortu Editoresc1973 a176 p.c20 cm. a1. La economía política y la relación entre la economía y la política en el socialismo - 2. Fetichismo de la mercancía y socialismo - 3. Las reformas económicas y su aspecto socioeconómico - 4. Estímulos económicos, progreso técnico y evolución del sistema económico socialista - 5. Cálculo económico, progreso técnico y evolución del sistema económico socialista - 6. Problemas generales de la descentralización en una economía socialista planificada - 7. Las contradicciones y la manera de resolverlas. 1 aBrus, Wlodzimierz41uhttps://biblioeco.unsa.edu.ar/pmb/images/libros/L127648.jpgyImagen de portadaqimage/jpeg